pays par code ISO - Statistiques

Statistiques générales
  • Ce quiz a été pris 18 fois
  • Le résultat moyen est 37 sur 77
Statistiques - réponses
ISO PAYS % Correct
BR Brésil
86%
DK Danemark
79%
FR France
79%
IN inde
79%
IT Italie
79%
JP Japon
79%
KZ Kazakhstan
79%
LT Lituanie
79%
MX Mexique
79%
RO Roumanie
79%
DE Allemagne
71%
CA Canada
71%
FI Finlande
71%
NZ Nouvelle-Zélande
71%
PH Philippines
71%
US USA
71%
AU Australie
64%
BE Belgique
64%
BG Bulgarie
64%
ES Espagne
64%
JO Jordanie
64%
LV Lettonie
64%
LU Luxembourg
64%
NG Nigéria
64%
NL Pays-Bas
64%
PT Portugal
64%
CH Suisse
64%
BO Bolivie
57%
CO Colombie
57%
HR Croatie
57%
GR Grèce
57%
HU Hongrie
57%
IE Irlande
57%
IS Islande
57%
PL Pologne
57%
SK Slovaquie
57%
UA Ukraine
57%
DZ Algérie
50%
AR argentine
50%
AT Autriche
50%
BZ Bélize
50%
BW Botswana
50%
AL Albanie
43%
AD Andorre
43%
EC Equateur
43%
EE Estonie
43%
GH Ghana
43%
ID Indonésie
43%
UG Ouganda
43%
CL Chili
36%
EG Egypte
36%
AE Emirats arabes unis
36%
GT Guatemala
36%
HN Honduras
36%
LI Liechtenstein
36%
NO Norvège
36%
PE Pérou
36%
TN Tunisie
36%
TR Turquie
36%
BT Bhoutan
29%
LS Lesotho
29%
MK Macédoine
29%
MY Malaisie
29%
SE Suède
29%
BD Bangladesh
21%
MT Malte
21%
ME Monténégro
21%
SI Slovénie
21%
ZA Afrique du Sud
14%
MC Monaco
14%
BA Bosnie-Herzégovine
7%
KH Cambodge
7%
SN Sénégal
7%
LK Sri Lanka
7%
TZ Tchéquie
7%
DD Allemagne de l'est
0%
UK BG
0%
Aucun quiz correspondant
Distribution des résultats
% des personnes avec chaque résultat
Percentile par nombre de réponses
Votre historique - résultats
Vous n’avez pas pris ce quiz